000 00612cam a2200217Ia 4500
020 _a0679776397
020 _a9780679776390
040 _cYMM
082 _a128 VIN 1996 C145 Or.
100 1 _aAbram, David,
245 1 4 _aThe spell of the sensuous :
_bperception and language in a more-than-human world /
250 _a1st ed
260 _aNew York :
_bVintage Books,
_cc1996
300 _axii, 326 p. ;
_c25 cm
650 0 _aPhilosophy of nature
650 0 _aHuman body (Philosophy)
650 0 _aSense (Philosophy)
650 0 _aPerception (Philosophy)
650 0 _aHuman ecology
942 _cAEDBB
999 _c18426
_d18426